[Event "Orsha op-A 23rd"]
[Site "Orsha"]
[Date "2025.02.07"]
[Round "7"]
[White "Norman, Kseniya"]
[Black "Parkhimchyk, Kiryl"]
[Result "1-0"]
[WhiteElo "1946"]
[BlackElo "1972"]
[PlyCount "117"]
[EventDate "2025.02.03"]
[EventType "swiss"]
[EventRounds "9"]
[EventCountry "BLR"]
[SourceTitle "CB07_2025"]
[SourceDate "2025.02.12"]
[SourceVersion "1"]
[SourceVersionDate "2025.02.12"]
[SourceQuality "1"]

1. c4 e5 2. g3 Nc6 3. Bg2 Bc5 4. Nc3 a5 5. Nf3 d6 6. e3 Ba7 7. d4 Nf6 8. 0-0 Bg4 9. h3 Bd7 10. b3 0-0 11. dxe5 dxe5 12. Bb2 Re8 13. Nd5 Ne4 14. a3 Nd6 15. Qc1 f6 16. Rd1 Ne7 17. c5 Nf7 18. b4 Nxd5 19. Rxd5 Qe7 20. Rd2 Rad8 21. Qc3 c6 22. Rc1 axb4 23. Qxb4 Be6 24. Qa5 Bb8 25. Bc3 e4 26. Nd4 Bd5 27. Rb1 Ne5 28. Nf5 Qe6 29. Bxe5 Bxe5 30. Nd4 Qc8 31. Qa7 Rd7 32. Qa4 h5 33. Qd1 h4 34. gxh4 Rf7 35. Rdb2 f5 36. Rb4 Ree7 37. Qh5 f4 38. Qg4 Qf8 39. h5 Bb8 40. Bf1 Kh8 41. Bc4 Bxc4 42. Rxc4 fxe3 43. fxe3 Re5 44. Rc2 Qe7 45. Rg2 Rxc5 46. h6 g5 47. Ne6 Rcf5 48. Nxg5 Rf8 49. Nxe4 Be5 50. Nd2 Qxa3 51. Qe4 Qa6 52. Nc4 Qa4 53. Qd3 Qa8 54. Nxe5 Rxe5 55. Qd4 Rff5 56. Rg7 Qf8 57. e4 Rh5 58. Rbxb7 Qa8 59. Rh7+ 1-0

[Event "Minsk Bronstein Memorial op"]
[Site "Minsk"]
[Date "2024.07.15"]
[Round "5"]
[White "Tsaruk, Maksim"]
[Black "Parkhimchyk, Kiryl"]
[Result "1-0"]
[WhiteElo "2480"]
[BlackElo "1948"]
[PlyCount "67"]
[EventDate "2024.07.12"]
[EventType "swiss"]
[EventRounds "10"]
[EventCountry "BLR"]
[SourceTitle "EXT 2025"]
[Source "ChessBase"]
[SourceDate "2024.10.14"]
[SourceVersion "1"]
[SourceVersionDate "2024.10.14"]
[SourceQuality "1"]

1. d4 Nf6 2. c4 e6 3. Nc3 Bb4 4. e3 0-0 5. Bd3 d5 6. a3 Bxc3+ 7. bxc3 dxc4 8. Bxc4 c5 9. Ne2 Qc7 10. Bd3 Nc6 11. 0-0 Rd8 12. Ng3 e5 13. f4 exd4 14. cxd4 cxd4 15. e4 Ng4 16. Qe2 Ne3 17. Bxe3 dxe3 18. e5 Qb6 19. Kh1 Nd4 20. Qh5 g6 21. Qg5 Ne6 22. Qh6 Ng7 23. Rab1 Qe6 24. f5 Qxe5 25. Rb5 Qd4 26. f6 Ne8 27. Bxg6 hxg6 28. Rg5 Qd3 29. Re5 Nxf6 30. Rxf6 Bf5 31. h3 e2 32. Nxf5 Qxf5 33. Rfxf5 Re8 34. Rxe2 1-0

[Event "Minsk Bronstein Memorial op"]
[Site "Minsk"]
[Date "2024.07.14"]
[Round "3"]
[White "Samusenko, Maksim"]
[Black "Parkhimchyk, Kiryl"]
[Result "1-0"]
[WhiteElo "2420"]
[BlackElo "1948"]
[PlyCount "123"]
[EventDate "2024.07.12"]
[EventType "swiss"]
[EventRounds "10"]
[EventCountry "BLR"]
[SourceTitle "EXT 2025"]
[Source "ChessBase"]
[SourceDate "2024.10.14"]
[SourceVersion "1"]
[SourceVersionDate "2024.10.14"]
[SourceQuality "1"]

1. d4 Nf6 2. Bg5 d5 3. Bxf6 exf6 4. e3 Bd6 5. Nd2 0-0 6. Qf3 Be6 7. Bd3 Nd7 8. Ne2 c5 9. c3 Re8 10. h3 cxd4 11. Nxd4 Ne5 12. Qe2 Nxd3+ 13. Qxd3 Bd7 14. g4 Qb6 15. 0-0-0 a5 16. Rhg1 Rac8 17. N2f3 Rc5 18. g5 f5 19. h4 a4 20. a3 Rec8 21. Rd2 Rc4 22. Rc2 Qa6 23. Rd1 b5 24. Kb1 g6 25. Ne2 Qb7 26. h5 f4 27. Qxd5 Qxd5 28. Rxd5 Bc6 29. Rxd6 Bxf3 30. hxg6 hxg6 31. Nxf4 R4c5 32. Rcd2 Rxg5 33. R6d4 Rg1+ 34. Kc2 Kg7 35. Ne2 Re1 36. Ng3 Rc5 37. e4 Re5 38. Kd3 f5 39. exf5 gxf5 40. c4 bxc4+ 41. Rxc4 Rd5+ 42. Rd4 Rxd4+ 43. Kxd4 f4 44. Nf5+ Kf6 45. Nd6 Kg5 46. Nb5 Bd1 47. Nc3 Bb3 48. Ne4+ Kg4 49. Nc5 Bd1 50. Nd3 Rf1 51. Ke5 f3 52. Kd4 Kh3 53. Ke3 Kg2 54. Nf4+ Kg1 55. Rd7 Re1+ 56. Kd2 Re4 57. Rg7+ Kh2 58. Rh7+ Kg1 59. Nh3+ Kf1 60. Kxd1 Re2 61. Nf4 Kxf2 62. Rh2+ 1-0

[Event "BLR-ch U20"]
[Site "Minsk"]
[Date "2024.04.16"]
[Round "5"]
[White "Parkhimchyk, Kiryl"]
[Black "Gvozdev, Timur"]
[Result "0-1"]
[WhiteElo "1977"]
[BlackElo "1940"]
[PlyCount "110"]
[EventDate "2024.04.12"]
[EventType "tourn"]
[EventRounds "7"]
[EventCountry "BLR"]
[SourceTitle "CBM 220 Extra"]
[Source "ChessBase"]
[SourceDate "2024.07.31"]
[SourceVersion "1"]
[SourceVersionDate "2024.07.31"]
[SourceQuality "1"]

1. e4 c5 2. Nf3 e6 3. d4 cxd4 4. Nxd4 Nf6 5. Nc3 d6 6. g4 h6 7. h4 Nc6 8. Rg1 h5 9. gxh5 Nxh5 10. Bg5 Nf6 11. Be2 Qb6 12. Nb3 a6 13. Qd2 Bd7 14. 0-0-0 Qc7 15. Kb1 0-0-0 16. h5 Be7 17. Bf4 Be8 18. Rh1 Ne5 19. Rdg1 Rh7 20. Bg3 Bc6 21. f4 Ned7 22. Bf3 b5 23. Nd4 Bb7 24. Re1 b4 25. Na4 d5 26. exd5 Nxd5 27. Qd3 Rhh8 28. Rc1 Nc5 29. Nxc5 Bxc5 30. c3 bxc3 31. Nb3 Bb6 32. Rhf1 Kb8 33. Qe2 Ka7 34. Bxd5 Rxd5 35. Rxc3 Qd6 36. a4 a5 37. Rfc1 Ba6 38. Qf3 Rd8 39. f5 e5 40. Bf2 Bd3+ 41. Ka2 e4 42. Bxb6+ Qxb6 43. Rc7+ Ka8 44. Qg3 Rb8 45. R7c3 Qb4 46. Qxb8+ Qxb8 47. Rc8 Rxf5 48. Rxb8+ Kxb8 49. Nd4 Rxh5 50. Nc6+ Ka8 51. b4 axb4 52. Kb3 e3 53. Nxb4 Bf5 54. Rc7 Be4 55. Kc3 Rh1 0-1

[Event "BLR-ch U20"]
[Site "Minsk"]
[Date "2024.04.14"]
[Round "3"]
[White "Parkhimchyk, Kiryl"]
[Black "Krukouski, Serafim"]
[Result "0-1"]
[WhiteElo "1977"]
[BlackElo "1941"]
[PlyCount "58"]
[EventDate "2024.04.12"]
[EventType "tourn"]
[EventRounds "7"]
[EventCountry "BLR"]
[SourceTitle "CBM 220 Extra"]
[Source "ChessBase"]
[SourceDate "2024.07.31"]
[SourceVersion "1"]
[SourceVersionDate "2024.07.31"]
[SourceQuality "1"]

1. e4 c6 2. d4 d5 3. e5 Bf5 4. Nf3 e6 5. Be2 Ne7 6. 0-0 h6 7. Nbd2 Nd7 8. Nb3 g5 9. Ne1 Qc7 10. Nd3 Ng6 11. Be3 0-0-0 12. a4 f6 13. exf6 Bd6 14. h3 Nf4 15. Bxf4 gxf4 16. Bg4 Nxf6 17. Bxf5 exf5 18. Nd2 Rhg8 19. Kh1 Qg7 20. Rg1 Ne4 21. Nf3 Rde8 22. c3 Re7 23. Qf1 Qg6 24. Nfe5 Qg5 25. Qe2 Qh4 26. Qf3 Bxe5 27. dxe5 Rg4 28. Qe2 Ng5 29. Kh2 f3 0-1

[Event "BLR-chT U18"]
[Site "Gomel"]
[Date "2024.03.02"]
[Round "2.3"]
[White "Shustsikau, Pavel"]
[Black "Parkhimchyk, Kiryl"]
[Result "0-1"]
[WhiteElo "2000"]
[BlackElo "2000"]
[PlyCount "62"]
[EventDate "2024.03.01"]
[EventType "tourn"]
[EventRounds "7"]
[EventCountry "BLR"]
[SourceTitle "CBM 219 Extra"]
[Source "ChessBase"]
[SourceDate "2024.05.31"]
[SourceVersion "1"]
[SourceVersionDate "2024.05.31"]
[SourceQuality "1"]

1. e4 e6 2. d4 d5 3. e5 c5 4. c3 Qb6 5. Nf3 Nc6 6. a3 Nh6 7. b4 cxd4 8. cxd4 Nf5 9. Be3 Bd7 10. Bd3 Nxe3 11. fxe3 f6 12. exf6 gxf6 13. 0-0 Bh6 14. Re1 0-0-0 15. Nc3 Ne7 16. Qb3 Kb8 17. Kh1 f5 18. Ne5 Be8 19. a4 Ng6 20. a5 Qd6 21. Nxg6 hxg6 22. g3 g5 23. Ne2 Bh5 24. Rf1 Rdf8 25. Qc3 f4 26. exf4 gxf4 27. Qc5 Qxc5 28. bxc5 fxg3 29. Rxf8+ Rxf8 30. hxg3 Bf3+ 31. Kh2 Bxe2 0-1

[Event "Minsk Bronstein 100 Memorial op"]
[Site "Minsk"]
[Date "2024.02.17"]
[Round "3"]
[White "Parkhimchyk, Kiryl"]
[Black "Zarubitski, Viachaslau"]
[Result "0-1"]
[WhiteElo "1890"]
[BlackElo "2402"]
[PlyCount "114"]
[EventDate "2024.02.17"]
[EventType "swiss"]
[EventRounds "10"]
[EventCountry "BLR"]
[SourceTitle "CBM 218 Extra"]
[Source "ChessBase"]
[SourceDate "2024.03.31"]
[SourceVersion "1"]
[SourceVersionDate "2024.03.31"]
[SourceQuality "1"]

1. e4 e5 2. Nf3 Nf6 3. Nxe5 d6 4. Nf3 Nxe4 5. d4 d5 6. Bd3 Bd6 7. Nc3 Nf6 8. 0-0 0-0 9. Bg5 c6 10. Qd2 Be6 11. Rfe1 Nbd7 12. Ne5 Re8 13. f4 Nf8 14. f5 Bd7 15. Ng4 Be7 16. Rxe7 Qxe7 17. Nxf6+ gxf6 18. Bh6 Qb4 19. Qf4 Qxb2 20. Qg3+ Ng6 21. Rb1 Qxc3 22. fxg6 hxg6 23. Qf2 Re6 24. Rxb7 Qe1+ 25. Qxe1 Rxe1+ 26. Kf2 Bc8 27. Rc7 Re6 28. Bf4 a5 29. Be2 Ba6 30. Bf3 a4 31. a3 Bb5 32. h4 Rae8 33. h5 R6e7 34. Rxe7 Rxe7 35. g4 Re8 36. Bd2 Kh7 37. Kg3 Be2 38. Bg2 Bd1 39. c4 Re2 40. Bb4 Bb3 41. cxd5 Bxd5 42. Bf1 Re3+ 43. Kf2 Rf3+ 44. Ke1 Rf4 45. Be2 Rxd4 46. Bc3 Re4 47. Kf2 Re6 48. Bd3 Be4 49. Bc4 Bd5 50. Bd3 Bb3 51. Kf3 Rd6 52. Bb1 Be6 53. Kf4 f5 54. Kg5 Rd1 55. hxg6+ fxg6 56. gxf5 Bxf5 57. Bxf5 Rd5 0-1

[Event "BLR-ch sf"]
[Site "Minsk"]
[Date "2023.12.12"]
[Round "6"]
[White "Parkhimchyk, Kiryl"]
[Black "Klachkou, Platon"]
[Result "1/2-1/2"]
[WhiteElo "1799"]
[BlackElo "2007"]
[PlyCount "60"]
[EventDate "2023.12.07"]
[EventType "swiss"]
[EventRounds "9"]
[EventCountry "BLR"]
[SourceTitle "CBM 217 Extra"]
[Source "ChessBase"]
[SourceDate "2024.01.31"]
[SourceVersion "1"]
[SourceVersionDate "2024.01.31"]
[SourceQuality "1"]

1. e4 d6 2. d4 Nf6 3. Nc3 g6 4. Be3 c6 5. f3 b5 6. a3 Bg7 7. Qd2 Nbd7 8. Nh3 Qa5 9. Be2 0-0 10. 0-0 Rb8 11. Nf2 Qc7 12. Rfd1 a6 13. Bh6 c5 14. Bxg7 Kxg7 15. dxc5 Qxc5 16. Qd4 Bb7 17. Rac1 Rfc8 18. Qxc5 Nxc5 19. Nb1 Nfd7 20. b3 Rc7 21. Nd2 Rbc8 22. c4 bxc4 23. Rxc4 a5 24. b4 axb4 25. axb4 Ne6 26. Rxc7 Rxc7 27. Nb3 Ne5 28. Na5 Nc6 29. Nxc6 Rxc6 30. b5 Rc2 1/2-1/2

[Event "BLR-ch sf"]
[Site "Minsk"]
[Date "2023.12.09"]
[Round "3"]
[White "Parkhimchyk, Kiryl"]
[Black "Naumovich, Yaroslav"]
[Result "1-0"]
[WhiteElo "1799"]
[BlackElo "2151"]
[PlyCount "89"]
[EventDate "2023.12.07"]
[EventType "swiss"]
[EventRounds "9"]
[EventCountry "BLR"]
[SourceTitle "CBM 217 Extra"]
[Source "ChessBase"]
[SourceDate "2024.01.31"]
[SourceVersion "1"]
[SourceVersionDate "2024.01.31"]
[SourceQuality "1"]

1. e4 e5 2. Nf3 Nc6 3. Bb5 Nge7 4. 0-0 Ng6 5. c3 a6 6. Ba4 b5 7. Bc2 Be7 8. d4 d6 9. h3 0-0 10. Re1 Kh8 11. a4 Bd7 12. Nbd2 exd4 13. cxd4 Nb4 14. Bb1 bxa4 15. Nf1 c5 16. Ne3 Bb5 17. Nf5 Bf6 18. Be3 cxd4 19. Bxd4 Be5 20. Nxe5 Nxe5 21. f4 Qc7 22. fxe5 dxe5 23. Bc3 Qc5+ 24. Kh2 Rad8 25. Qg4 g6 26. Ne3 f6 27. Qg3 Rd6 28. Bc2 Nxc2 29. Nxc2 Rd3 30. Re3 Rfd8 31. Rae1 Kg7 32. Nb4 R3d7 33. Rf3 Bc4 34. Qf2 Qxf2 35. Rxf2 Rd6 36. Nc2 Bd3 37. Ne3 Bb5 38. Nd5 Re8 39. Re3 Bc4 40. Bb4 Rc6 41. Ref3 Rb8 42. Bc3 Bxd5 43. exd5 Rd6 44. Rxf6 Rxd5 45. Rxa6 1-0

[Event "Minsk op"]
[Site "Minsk"]
[Date "2023.11.10"]
[Round "8"]
[White "Parkhimchyk, Kiryl"]
[Black "Mukhin, Pavel"]
[Result "1/2-1/2"]
[WhiteElo "1769"]
[BlackElo "2014"]
[PlyCount "75"]
[EventDate "2023.11.03"]
[EventType "swiss"]
[EventRounds "9"]
[EventCountry "BLR"]
[SourceTitle "CBM 217 Extra"]
[Source "ChessBase"]
[SourceDate "2024.01.31"]
[SourceVersion "1"]
[SourceVersionDate "2024.01.31"]
[SourceQuality "1"]

1. e4 c6 2. d4 d5 3. e5 Bf5 4. Nf3 e6 5. Be2 Ne7 6. 0-0 c5 7. c4 Nbc6 8. Nc3 dxc4 9. Bxc4 Nxd4 10. Nxd4 cxd4 11. Bg5 Qb6 12. Na4 Qa5 13. Qb3 Be4 14. Rac1 Bc6 15. Nc5 Qb6 16. Qxb6 axb6 17. Nb3 b5 18. Bd3 Rxa2 19. Nxd4 Rxb2 20. Ra1 Nc8 21. Nxc6 bxc6 22. Be4 f6 23. exf6 Kf7 24. fxg7 Bxg7 25. Bxc6 Bd4 26. Rad1 e5 27. Bc1 Rb1 28. Bd5+ Ke8 29. Bc6+ Kf7 30. Bd5+ Ke8 31. Be4 Rb4 32. Bd2 Bxf2+ 33. Rxf2 Rxe4 34. Bg5 Ne7 35. Rfd2 Kf7 36. Rf1+ Ke8 37. Rfd1 Kf7 38. Rf1+ 1/2-1/2

[Event "Minsk op"]
[Site "Minsk"]
[Date "2023.11.09"]
[Round "7"]
[White "Hakobyan, Menua"]
[Black "Parkhimchyk, Kiryl"]
[Result "0-1"]
[WhiteElo "1971"]
[BlackElo "1769"]
[PlyCount "110"]
[EventDate "2023.11.03"]
[EventType "swiss"]
[EventRounds "9"]
[EventCountry "BLR"]
[SourceTitle "CBM 217 Extra"]
[Source "ChessBase"]
[SourceDate "2024.01.31"]
[SourceVersion "1"]
[SourceVersionDate "2024.01.31"]
[SourceQuality "1"]

1. d4 Nf6 2. Nf3 d5 3. c4 e6 4. Nc3 dxc4 5. e4 b5 6. e5 Nd5 7. Nxb5 Nb6 8. Be2 Bb7 9. 0-0 h6 10. Be3 a6 11. Nc3 Nc6 12. Na4 Rc8 13. Rc1 Na5 14. Qd2 Nxa4 15. Qxa5 Nb6 16. Bxc4 Nxc4 17. Rxc4 Bd5 18. Rc3 c6 19. Qa4 Qb6 20. Nd2 Bb4 21. Nc4 Qb5 22. Qc2 0-0 23. a4 Qb7 24. Rb3 Qe7 25. Bf4 c5 26. Rg3 Qh4 27. Qc1 Kh7 28. Rh3 Qg4 29. f3 Qg6 30. Nd6 Rc6 31. Rg3 cxd4 32. Rxg6 Rxc1 33. Rxg7+ Kxg7 34. Rxc1 Bb3 35. Ne4 Rd8 36. Kf2 Bxa4 37. Rc4 a5 38. Bd2 Bb3 39. Rc7 Bxd2 40. Nxd2 Rb8 41. Ke2 Ba4 42. Rc5 Rxb2 43. Rxa5 Bb5+ 44. Kd1 Bc6 45. Kc1 Rb4 46. Ra3 Kg6 47. g4 Kg5 48. Ra7 Bb7 49. Kd1 Kf4 50. Ke2 Kxe5 51. Ra5+ Kf4 52. Rh5 Rb2 53. Rxh6 Ba6+ 54. Kd1 Ke3 55. Ne4 Rb1+ 0-1

[Event "Minsk op"]
[Site "Minsk"]
[Date "2023.11.06"]
[Round "4"]
[White "Parkhimchyk, Kiryl"]
[Black "Spizharny, Mikhail"]
[Result "0-1"]
[WhiteElo "1769"]
[BlackElo "2169"]
[PlyCount "70"]
[EventDate "2023.11.03"]
[EventType "swiss"]
[EventRounds "9"]
[EventCountry "BLR"]
[SourceTitle "CBM 217 Extra"]
[Source "ChessBase"]
[SourceDate "2024.01.31"]
[SourceVersion "1"]
[SourceVersionDate "2024.01.31"]
[SourceQuality "1"]

1. e4 d5 2. exd5 Nf6 3. d4 Bg4 4. Be2 Bxe2 5. Qxe2 Qxd5 6. Nf3 e6 7. 0-0 Nc6 8. Rd1 0-0-0 9. c4 Qh5 10. Nc3 Bb4 11. Bf4 Bd6 12. Bxd6 Rxd6 13. Rd2 g5 14. d5 g4 15. Nd4 Nxd4 16. Rxd4 exd5 17. cxd5 Re8 18. Qc4 Qe5 19. g3 a6 20. Rc1 Kb8 21. Ne4 Rxd5 22. Rxd5 Nxd5 23. Nc5 Qxb2 24. Rd1 c6 25. Qxg4 Qc2 26. Qd4 b6 27. Nb3 Qxa2 28. Qc4 Re6 29. Ra1 Qe2 30. Qh4 Rf6 31. Qd4 Rf3 32. Rb1 Kb7 33. h4 f6 34. Rc1 Rd3 35. Qc4 Rd1+ 0-1

[Event "Minsk Kupreichik Memorial op"]
[Site "Minsk"]
[Date "2023.04.24"]
[Round "6"]
[White "Kliza, Mikhail"]
[Black "Parkhimchyk, Kiryl"]
[Result "0-1"]
[WhiteElo "2094"]
[BlackElo "1834"]
[PlyCount "104"]
[EventDate "2023.04.21"]
[EventType "swiss"]
[EventRounds "7"]
[EventCountry "BLR"]
[SourceTitle "CBM 214 Extra"]
[Source "ChessBase"]
[SourceDate "2023.07.31"]
[SourceVersion "1"]
[SourceVersionDate "2023.07.31"]
[SourceQuality "1"]

1. e4 c5 2. c3 e6 3. Nf3 d5 4. exd5 Qxd5 5. d4 Nf6 6. Bd3 Be7 7. Be3 0-0 8. dxc5 Bxc5 9. Bxh7+ Kxh7 10. Qxd5 Nxd5 11. Bxc5 Rd8 12. 0-0 b6 13. Ba3 Bb7 14. Nbd2 Nf4 15. Rfd1 Na6 16. Ne1 f6 17. f3 Nc7 18. c4 e5 19. Kf2 Nce6 20. Nf1 Nd4 21. Rd2 a5 22. Ne3 Rdc8 23. b3 Ba6 24. Bb2 Nfe6 25. Nd5 Rab8 26. Nc3 Nc5 27. Ba3 Ncxb3 28. axb3 Nxb3 29. Rad1 Nxd2 30. Rxd2 Bxc4 31. Ne4 Rd8 32. Nd6 Ba6 33. Rc2 b5 34. Rc6 Bc8 35. Bc5 b4 36. Bb6 Bd7 37. Bxd8 Bxc6 38. Bxa5 b3 39. Nd3 b2 40. Nxb2 Rxb2+ 41. Kg1 g5 42. h3 Kg6 43. Bc7 Rc2 44. Bd8 Bd5 45. Be7 Rc7 46. Bf8 f5 47. Nb5 Rc1+ 48. Kf2 Rc2+ 49. Kg1 g4 50. hxg4 fxg4 51. Bd6 g3 52. Ba3 Ra2 0-1

[Event "Minsk op"]
[Site "Minsk"]
[Date "2022.08.04"]
[Round "2"]
[White "Leinov, Roman"]
[Black "Parkhimchyk, Kiryl"]
[Result "1-0"]
[WhiteElo "2178"]
[BlackElo "1768"]
[PlyCount "120"]
[EventDate "2022.08.03"]
[EventType "swiss"]
[EventRounds "9"]
[EventCountry "BLR"]
[SourceTitle "CBM 209 Extra"]
[Source "ChessBase"]
[SourceDate "2022.09.30"]
[SourceVersion "1"]
[SourceVersionDate "2022.09.30"]
[SourceQuality "1"]

1. c4 e5 2. g3 Nf6 3. Bg2 Nc6 4. Nc3 Bb4 5. Nd5 Nxd5 6. cxd5 Ne7 7. a3 Bc5 8. e3 d6 9. Ne2 Bg4 10. h3 Bh5 11. Qa4+ Qd7 12. Nc3 a6 13. Qxd7+ Kxd7 14. b4 Bb6 15. 0-0 f6 16. Bb2 Bf7 17. Rac1 Rhd8 18. Kh2 f5 19. d3 g6 20. Rce1 Re8 21. g4 c6 22. dxc6+ bxc6 23. gxf5 Nxf5 24. Ne4 Rec8 25. Nf6+ Ke6 26. Nxh7 Bd8 27. f4 Bh4 28. Ng5+ Ke7 29. Nxf7 Bxe1 30. Rxe1 Kxf7 31. fxe5 dxe5 32. Bxe5 Ra7 33. Bf3 a5 34. e4 Ne7 35. Bg4 Rf8 36. Bd6 axb4 37. Bxb4 Ke8 38. Kg3 Rf7 39. Rc1 Ra8 40. Rc5 Rd8 41. Rc3 Rf1 42. Kh4 Kf7 43. Kg5 Rg1 44. d4 Rxd4 45. Bc5 Rxg4+ 46. hxg4 Rxe4 47. Bxe7 Rxe7 48. Rxc6 Re5+ 49. Kh6 Re3 50. Rc7+ Kf6 51. g5+ Kf5 52. Rc5+ Kf4 53. Kxg6 Rxa3 54. Kh6 Rh3+ 55. Kg7 Ke4 56. g6 Ra3 57. Rg5 Ra7+ 58. Kh8 Ra1 59. g7 Rh1+ 60. Kg8 Ra1 1-0

[Event "Kaspersky op U16"]
[Site "Tornelo INT"]
[Date "2021.04.02"]
[Round "8"]
[White "Parkhimchyk, Kiryl"]
[Black "Rangeet, Majumdar"]
[Result "1-0"]
[WhiteElo "1627"]
[BlackElo "1181"]
[PlyCount "101"]
[EventDate "2021.04.02"]
[EventType "swiss (blitz)"]
[EventRounds "11"]
[EventCountry "RUS"]
[SourceTitle "CBM 201 Extra"]
[Source "ChessBase"]
[SourceDate "2021.05.31"]
[SourceVersion "1"]
[SourceVersionDate "2021.05.31"]
[SourceQuality "1"]

1. e4 e5 2. Nf3 Nc6 3. Bc4 Nf6 4. d3 Bc5 5. 0-0 d6 6. Nc3 h6 7. Be3 Bb6 8. a3 Nh5 9. Nd5 Nf6 10. b4 0-0 11. Qd2 Bxe3 12. fxe3 Be6 13. h3 Bxd5 14. Bxd5 Nxd5 15. exd5 Ne7 16. e4 f5 17. Nh2 f4 18. c4 Ng6 19. Qe2 Qh4 20. Qg4 Qxg4 21. Nxg4 Nh4 22. c5 Rac8 23. Rac1 Kh7 24. a4 g5 25. b5 b6 26. cxd6 cxd6 27. Rc6 Rxc6 28. dxc6 Rc8 29. d4 Ng6 30. Rd1 h5 31. Nf6+ Kg7 32. dxe5 dxe5 33. Nxh5+ Kh6 34. Nf6 Kg7 35. Ng4 Kf7 36. Rd7+ Kf8 37. Rxa7 Ne7 38. Nxe5 Ke8 39. Nd7 Kf7 40. Nxb6 Rb8 41. Nd5 Re8 42. Rxe7+ Rxe7 43. Nxe7 Kxe7 44. b6 Kd6 45. c7 Kd7 46. a5 g4 47. a6 Kc8 48. a7 Kb7 49. a8Q+ Kxb6 50. c8Q gxh3 51. Qcc6# 1-0

[Event "Kaspersky op U16"]
[Site "Tornelo INT"]
[Date "2021.04.02"]
[Round "6"]
[White "Parkhimchyk, Kiryl"]
[Black "Vargas Arguedas, Caleb"]
[Result "1-0"]
[WhiteElo "1627"]
[BlackElo "1093"]
[PlyCount "121"]
[EventDate "2021.04.02"]
[EventType "swiss (blitz)"]
[EventRounds "11"]
[EventCountry "RUS"]
[SourceTitle "CBM 201 Extra"]
[Source "ChessBase"]
[SourceDate "2021.05.31"]
[SourceVersion "1"]
[SourceVersionDate "2021.05.31"]
[SourceQuality "1"]

1. e4 c5 2. d4 cxd4 3. c3 d6 4. cxd4 Nf6 5. Nc3 g6 6. Nf3 Bg7 7. Bc4 0-0 8. 0-0 Nc6 9. h3 a6 10. Be3 Bd7 11. a3 b5 12. Ba2 Na5 13. Rc1 Rc8 14. e5 dxe5 15. dxe5 Ne8 16. e6 fxe6 17. Ng5 Nc4 18. Bxc4 bxc4 19. Bb6 Qxb6 20. Qxd7 Nc7 21. Qxe7 Rce8 22. Qd7 h6 23. Nge4 Rd8 24. Qa4 Nd5 25. Qxc4 Qxb2 26. Qc6 Rfe8 27. Nxd5 exd5 28. Nc5 Qf6 29. Qa4 d4 30. Rcd1 Qf5 31. Nd3 Be5 32. Qxa6 Bg7 33. Qc4+ Kh7 34. Rfe1 Rxe1+ 35. Nxe1 Qa5 36. Nf3 Qxa3 37. Kh2 Qa5 38. g3 Qa7 39. Qd3 Qd7 40. Nh4 Qd6 41. f4 Rd7 42. f5 gxf5 43. Qxf5+ Kh8 44. Ng6+ Kg8 45. Nf4 Qf6 46. Qxd7 Qa6 47. Qe6+ Qxe6 48. Nxe6 Kf7 49. Nxg7 Kxg7 50. Rxd4 Kg6 51. Kg2 Kf5 52. Kf3 Ke5 53. Rh4 Kf5 54. Rxh6 Kg5 55. Rh4 Kg6 56. Ra4 Kg5 57. Ra5+ Kg6 58. Kf4 Kh6 59. Ra6+ Kh5 60. g4+ Kh4 61. Rh6# 1-0

[Event "Kaspersky op U16"]
[Site "Tornelo INT"]
[Date "2021.04.02"]
[Round "9"]
[White "Royal, Shreyas"]
[Black "Parkhimchyk, Kiryl"]
[Result "1-0"]
[WhiteElo "2121"]
[BlackElo "1627"]
[PlyCount "67"]
[EventDate "2021.04.02"]
[EventType "swiss (blitz)"]
[EventRounds "11"]
[EventCountry "RUS"]
[SourceTitle "CBM 201 Extra"]
[Source "ChessBase"]
[SourceDate "2021.05.31"]
[SourceVersion "1"]
[SourceVersionDate "2021.05.31"]
[SourceQuality "1"]

1. d4 Nf6 2. c4 e6 3. g3 d5 4. Bg2 Be7 5. Nf3 0-0 6. 0-0 c5 7. cxd5 exd5 8. Nc3 Nc6 9. Bg5 Be6 10. Rc1 c4 11. Ne5 h6 12. Bf4 g5 13. Nxc6 bxc6 14. Be5 Nd7 15. e4 Nxe5 16. exd5 Nd3 17. dxe6 fxe6 18. Qh5 Qxd4 19. Qg6+ Qg7 20. Qxe6+ Kh8 21. Rc2 Rab8 22. Qxc4 Nxb2 23. Qe2 Bf6 24. Ne4 Bd4 25. Rxc6 Rbe8 26. Qh5 Bf6 27. Rxf6 Rxf6 28. Nxf6 Rf8 29. Ng4 Kh7 30. Be4+ Kg8 31. Nxh6+ Kh8 32. Ng4+ Kg8 33. Bd5+ Rf7 34. Nh6+ 1-0